MPK Włocławek Linia 3 - Statystyki

Ogólne statystyki
  • Ten quiz został rozwiązany 16 razy
  • Średni wynik to 18 z 28
Statystyki odpowiedzi
Lp. Nazwa przystanek Wariantowo % Poprawnych
28 Ostrowska (Pętla) .
91%
2 Anwil I .
73%
1 Anwil (pętla) Tak
73%
3 Inowrocławska Tak
73%
5 Inowrocławska Tak
73%
26 Ptasia .
73%
7 Toruńska .
73%
4 Zakręt Tak
73%
12 Żwirowa .
73%
18 Centrum Przesiadkowe Dworzec PKP .
64%
9 MPWiK .
64%
6 Rózinowo .
64%
20 Św Antoniego .
64%
21 Traugutta .
64%
27 Wojskowa .
64%
8 Żyzna .
64%
24 Basen Delfin Tak
55%
23 Cmentarna Tak
55%
25 Kolanowszczyzna .
55%
16 Kujawska Szkoła Wyższa/KSW .
55%
17 Lunewil .
55%
19 Polskiej Organizacji Wojskowej/POW .
55%
10 Rózinowska .
55%
11 Spółdzielnia Inwalidów .
55%
22 Stadion OSIR Tak
55%
14 Zespół Szkół Elektrycznych/ZSE .
55%
13 Klub Zazamcze .
45%
15 Zdrojowa .
45%
Nie znaleziono quizów pasujących do podanych kryteriów
Rozkład punktacji
Procent ludzi z każdym wynikiem
Percentyl według liczby udzielonych odpowiedzi
Twoja historia wyników
Nie rozwiązałeś tego quizu